| 000 | 006140000a22001810004500 | ||
|---|---|---|---|
| 003 | MACL | ||
| 005 | 20160401114521.0 | ||
| 008 | 160401b xxu||||| |||| 00| 0 eng d | ||
| 040 |
_aMACL _cMACL |
||
| 041 | _aHindi | ||
| 082 | _a330 | ||
| 100 |
_aगुप्त रामकिशन _949488 |
||
| 245 |
_aनवोन्मेष बैंकिंग _bस्वरूप एवं चुनौती |
||
| 260 |
_bइतिहास शोध संस्थान _c2007 _aनई दिल्ली |
||
| 350 | _a200 | ||
| 650 |
_aFinaincial Economics _949514 |
||
| 942 |
_cHIN _k332 _2ddc |
||
| 999 |
_c10689 _d10689 |
||